Footballers by Picture - Germany - Statistics

General Stats
  • This quiz has been taken 222 times
  • The average score is 16 of 20
Answer Stats
Picture Answer % Correct
Manuel Neuer
98%
Miroslav Klose
96%
Thomas Müller
95%
Toni Kroos
95%
Antonio Rüdiger
94%
Oliver Kahn
94%
Philipp Lahm
94%
İlkay Gündoğan
93%
Bastian Schweinsteiger
92%
Gerd Müller
90%
Mario Götze
89%
Franz Beckenbauer
87%
Lothar Matthäus
86%
Michael Ballack
86%
Timo Werner
85%
Lukas Podolski
81%
Rudi Völler
74%
Jürgen Klinsmann
57%
Karl-Heinz Rummenigge
42%
Jürgen Kohler
20%
No matching quizzes found
Score Distribution
Percent of People with Each Score
Percentile by Number Answered
Your Score History
You have not taken this quiz